000 01369nam a22003017a 4500
005 20240530110501.0
008 150704s2013 jo g b||| 000 0 ara d
017 _a2012/10/3820
_bالاردن . دائرة المكتبات الوطنية
020 _a9789957544751
040 _aEG-CaGPL
082 0 4 _221
_a302.23 \
_bب أ
100 0 _aبهاء الدين محمد حمدى
245 1 2 _aالاعلام الجنائى :
_bواثارة فى الحد من الجريمة ومحاربة الفساد وتطوير القطاع العام /
_cبهاء الدين محمد حمدى
250 _aط 1 .
260 _aعمان :
_bدار الراية للنشر والتوزيع ،
_c2013 .
300 _aص 166 ؛
_c24 سم .
504 _aببليوجرافيات : ص 161- 166 .
650 0 4 _aالاعلام
650 0 4 _aوسائل الاعلام
650 0 4 _aالجريمة
650 0 4 _aالاعلام الجنائى
650 0 4 _aالجرائم الاقتصادية
650 0 4 _aجرائم الاموال
650 0 4 _aحقوق الانسان
_xقانون دولى
650 0 4 _aالاعلام الجنائى
_xقانون دولى
942 _2ddc
_cBK
999 _c61477
_d61477